000 00373pab a2200157 454500
008 180718b2009 xxu||||| |||| 00| 0 eng d
100 _aEvans, Graeme
245 _aCreative cities, creative spaces and urban policy
260 _c2009
300 _ap.1003-040.
362 _aMay
650 _aUrban planning
773 _aUrban Studies
908 _aN
909 _a82930
999 _c82930
_d82930